| 000 | 00437nam a2200157 a 4500 | ||
|---|---|---|---|
| 001 | 874 | ||
| 003 | CDMR | ||
| 005 | 20130116135158.0 | ||
| 008 | 130130s1995||||||||||||||||||||||||||||d | ||
| 040 |
_aCDMR _bcat _cCPC GIRONA |
||
| 100 | 1 |
_aRamisa, Maties _9682 |
|
| 245 | 1 | 3 |
_aEl catalans i el domini napoleònic _cRamisa, Maties |
| 260 |
_c1995 _bPublicacions de l'Abadia de Montserrat |
||
| 490 | 0 |
_aBiblioteca Abat Oliba _v158 _9683 |
|
| 942 | _cMON | ||
| 999 |
_c874 _d874 |
||